000 00332 a2200145 4500
001 147761
040 _cEscola São Tomás de Aquino
100 _aMAZETTI, Maria
240 1 0 _aTelefone está tocando
_lpor
245 1 0 _aTelefone está tocando
300 _a12
440 1 _aBakana
697 _a*LITERATURA INFANTO
942 _cBK
999 _c147761
_d147761